000 00579nam a2200181Ia 4500
005 20260429112237.0
008 260429s9999||||xx |||||||||||||| ||und||
020 _a9788171789580
041 _aHindi
082 _a801.95
_bNAW
100 _aनवल, नंदकिशोर
245 0 _aहिन्दी आलोचना का विकास /
_cनंदकिशोर नवल
250 _a10th ed.
260 _aनई दिल्ली :
_bराजकमल प्रकाशन,
_c2025.
300 _a379 p.; Hb
650 _aCriticism
942 _cTB
999 _c53089
_d53089